| 000 | 01809nam a2200421 c 4500 | ||
|---|---|---|---|
| 999 |
_c122025 _d122025 |
||
| 003 | BLK | ||
| 005 | 20250129005524.0 | ||
| 008 | 180409b bul|||||r ||||||| ||bul|| | ||
| 010 | _aKNG00127658000 | ||
| 040 | _aBLK | ||
| 041 |
_aBUL _cBUL |
||
| 080 |
_aОсвобождение на България. Руско-турска война (1877-1878) _b94(497.2)"1877/1878" _x(092)(035) _z94(497.2)"1877/1878"(092)(035) |
||
| 080 |
_aБиографии _b929 _x(497.2) _z929(497.2) |
||
| 100 |
_aАнчев, Анчо Трифонов _gИсторик _9377064 |
||
| 139 |
_aАнчев, Анчо Трифонов _bА 77 |
||
| 245 | 1 | 0 |
_aБългарското опълчение _bИстор. очерк _cАнчо Трифонов Анчев. |
| 257 | _aBGR | ||
| 260 |
_bНар. просв. _c1968 _aСофия |
||
| 300 |
_a112 с. _bс ил., факс. _c21 см |
||
| 380 | _a9 | ||
| 490 |
_aПопулярна историческа библиотека _9204709 |
||
| 500 | _a10 084 тир Библиогр. с. 110 | ||
| 650 | 4 |
_aБългарско опълчение - популярна литература _9251222 |
|
| 650 | 7 |
_aРуско-турска освободителна война 1877 - 1878 _2 _9170039 |
|
| 651 | 4 |
_aБългария _9241624 |
|
| 653 | _aРуско-турска освободителна война 1877-1878 | ||
| 653 | _aопълченци | ||
| 653 | _aисторически личности | ||
| 653 | _aбългарска история | ||
| 852 |
_aЦб 44215 _bЦб |
||
| 856 | 4 | _qpdf | |
| 856 | 4 | _qpdf | |
| 942 |
_cKNG _n0 _s1 |
||
| 944 |
_aCR _c17.02.2012 _lCRON CRON _k |
||
| 944 |
_aED _c28.09.2017 _l17.02.2012 - от С1,Р / 17.02.2012 _kВася_Ганчева |
||
| 944 |
_aED _c2022-06-14 _kВП |
||
| 999 | _d122025 | ||